00469nam a2200193 a 4500001001300000003000900013005001700022008004100039020001000080082001700090100002100107245002300128260003600151300000900187500003500196505001000231650001300241700002100254nice12345678IN_TiNIC20260116011857.0050524s0000 alla grp 000 0 urd  ac10000a297.63bRIZ1 aRizvi, Nawab Ali aTazkiratul Mustafa aAllahabad bNo Publisher c0000 a201p aincludes index and biblioraphy2 aindex aMuhammad1 aRizvi, Nawab Ali